LIBRARY & INFORMATION CENTRE, KCAET, TAVANUR

ONLINE PUBLIC ACCESS CATALOGUE (OPAC)

Pest population and assesment of crop losses / (Record no. 7273)

MARC details
000 -LEADER
fixed length control field 00506cam a2200193ua 4500
041 ## - LANGUAGE CODE
Language code of text/sound track or separate title eng
082 ## - DEWEY DECIMAL CLASSIFICATION NUMBER
Classification number 632.9
Item number ATW/PE
100 ## - MAIN ENTRY--AUTHOR NAME
Personal name Atwal, A S .
245 ## - TITLE STATEMENT
Title Pest population and assesment of crop losses /
250 ## - EDITION STATEMENT
Edition statement 1 /
260 ## - PUBLICATION, DISTRIBUTION, ETC. (IMPRINT)
Place of publication New Delhi :
Name of publisher Indian Council for Agricultural Research ,
Year of publication 1989.
300 ## - PHYSICAL DESCRIPTION
Number of Pages 131 ; .
700 1# - ADDED ENTRY--PERSONAL NAME
Personal name Balraj, Singh .
942 ## - ADDED ENTRY ELEMENTS (KOHA)
Koha item type Books
Holdings
Withdrawn status Lost status Damaged status Home library Current library Date acquired Full call number Accession Number Koha item type
      KAUAET KAUAET 07/04/2012 632.9 19556 Books
free website counter